[Event "Mumbai Transganization op"]
[Site "Mumbai"]
[Date "2024.01.28"]
[Round "8"]
[White "Bartakke, Amardeep S"]
[Black "Guru, Prakash"]
[Result "1-0"]
[WhiteElo "1961"]
[BlackElo "1705"]
[PlyCount "111"]
[EventDate "2024.01.25"]
[EventType "swiss"]
[EventRounds "8"]
[EventCountry "IND"]
[SourceTitle "CB06_2024"]
[SourceDate "2024.02.07"]
[SourceVersion "1"]
[SourceVersionDate "2024.02.07"]
[SourceQuality "1"]

1. Nf3 Nf6 2. d4 g6 3. e3 d5 4. Be2 Bg7 5. 0-0 0-0 6. b3 c5 7. Bb2 cxd4 8. exd4 Nc6 9. c4 Bf5 10. Nc3 Rc8 11. Ne5 dxc4 12. Nxc6 bxc6 13. bxc4 Rb8 14. Na4 Nd7 15. Qd2 c5 16. d5 Nf6 17. Be5 Ne4 18. Qf4 Bxe5 19. Qxe5 Qd6 20. Qxd6 exd6 21. f3 Bd7 22. fxe4 Bxa4 23. Bd1 Bd7 24. Rf3 Rb4 25. Ra3 Ra8 26. Ra6 Rb6 27. Rxb6 axb6 28. a4 Kg7 29. Kf2 Kf6 30. Ke3 Ke5 31. h4 h5 32. Bc2 Ra5 33. g3 b5 34. cxb5 Bxb5 35. Rb1 Bxa4 36. Bd3 Ra7 37. Ra1 Ra5 38. Be2 f5 39. exf5 Kxf5 40. Bd3+ Kf6 41. Kf4 Kg7 42. Bc2 Bxc2 43. Rxa5 Kf6 44. Ra7 Bf5 45. Rc7 Bh3 46. Rc6 Ke7 47. Kg5 Bf5 48. Rc7+ Kd8 49. Ra7 Be4 50. Kf6 Bxd5 51. Kxg6 Bf3 52. Kf5 c4 53. Ke6 d5 54. Rd7+ Ke8 55. Rc7 Kf8 56. Rf7+ 1-0

[Event "Bhubaneswar op-A 14th"]
[Site "Bhubaneswar"]
[Date "2023.06.13"]
[Round "3"]
[White "Guru, Prakash"]
[Black "Fedorov, Alexei"]
[Result "0-1"]
[WhiteElo "1608"]
[BlackElo "2449"]
[PlyCount "63"]
[EventDate "2023.06.11"]
[EventType "swiss"]
[EventRounds "10"]
[EventCountry "IND"]
[SourceTitle "CBM 214 Extra"]
[Source "ChessBase"]
[SourceDate "2023.07.31"]
[SourceVersion "1"]
[SourceVersionDate "2023.07.31"]
[SourceQuality "1"]

1. e4 c5 2. Nf3 Nc6 3. d4 cxd4 4. Nxd4 Qb6 5. Nb3 Nf6 6. Nc3 e6 7. Bd3 d6 8. Be3 Qc7 9. f4 a6 10. 0-0 b5 11. Qf3 Bb7 12. Rac1 Be7 13. a4 b4 14. Ne2 Na5 15. Nxa5 Qxa5 16. b3 Rc8 17. Ng3 h5 18. Bd4 h4 19. Ne2 e5 20. Bb2 h3 21. gxh3 d5 22. Ng3 Rxh3 23. Qg2 Rh4 24. fxe5 Qb6+ 25. Kh1 Ng4 26. Bd4 Qh6 27. Bg1 g6 28. Rfe1 Bc5 29. Nf1 dxe4 30. Bxc5 Rxc5 31. Kg1 Nxe5 32. Bxe4 0-1

[Event "Mumbai Wealth op 7th"]
[Site "Mumbai"]
[Date "2022.12.28"]
[Round "4"]
[White "Guru, Prakash"]
[Black "Shah, Mihir1111"]
[Result "1/2-1/2"]
[WhiteElo "1612"]
[BlackElo "1399"]
[PlyCount "82"]
[EventDate "2022.12.26"]
[EventType "swiss"]
[EventRounds "9"]
[EventCountry "IND"]
[SourceTitle "EXT 2024"]
[Source "ChessBase"]
[SourceDate "2023.10.10"]
[SourceVersion "1"]
[SourceVersionDate "2023.10.10"]
[SourceQuality "1"]

1. e4 g6 2. d4 Bg7 3. Nf3 c6 4. Be3 d5 5. Nbd2 dxe4 6. Nxe4 Nf6 7. Nxf6+ exf6 8. Bc4 0-0 9. 0-0 Nd7 10. Qd2 Nb6 11. Bb3 Bg4 12. Ne1 Re8 13. Nd3 Be6 14. Bxe6 Rxe6 15. b3 Nd5 16. Nf4 Nxf4 17. Bxf4 f5 18. Rad1 Re4 19. c3 Qd7 20. Rfe1 Rae8 21. f3 Rxe1+ 22. Rxe1 Re6 23. Kf2 b5 24. Rd1 Bf6 25. c4 bxc4 26. bxc4 Qd8 27. d5 cxd5 28. Qxd5 Qe8 29. Bd6 Bh4+ 30. g3 Re2+ 31. Kf1 Rxh2 32. Kg1 Re2 33. gxh4 Qe3+ 34. Kh1 h5 35. Qa8+ Kh7 36. Qd5 Kg8 37. Qa8+ Kh7 38. Qd5 Kg8 39. Qa8+ Kh7 40. Qd5 Kg8 41. Qa8+ Kh7 1/2-1/2

[Event "Mumbai ICS-ch"]
[Site "Mumbai"]
[Date "2022.10.01"]
[Round "4"]
[White "Dodhiya, Punit"]
[Black "Guru, Prakash"]
[Result "0-1"]
[WhiteElo "1403"]
[BlackElo "1508"]
[PlyCount "56"]
[EventDate "2022.09.25"]
[EventType "swiss"]
[EventRounds "8"]
[EventCountry "IND"]
[SourceTitle "EXT 2023"]
[Source "ChessBase"]
[SourceDate "2022.10.05"]
[SourceVersion "1"]
[SourceVersionDate "2022.10.05"]
[SourceQuality "1"]

1. e4 c5 2. Nf3 e6 3. Nc3 a6 4. d4 cxd4 5. Nxd4 Qc7 6. Bd3 Nf6 7. Qe2 d6 8. 0-0 Be7 9. Rd1 Nbd7 10. Nf3 b5 11. Bf4 e5 12. Bg5 Bb7 13. Rd2 0-0 14. Nd1 Nc5 15. Bxf6 Bxf6 16. c3 d5 17. Bc2 Nxe4 18. Bxe4 dxe4 19. Ne1 Rfd8 20. Ne3 Rxd2 21. Qxd2 Rd8 22. Qe2 Bg5 23. a4 Qb6 24. N1c2 bxa4 25. Rxa4 Qxb2 26. Rb4 Qc1+ 27. Qe1 Bxe3 28. Nxe3 Qxe1+ 0-1

[Event "Mumbai Chess Capital op"]
[Site "Mumbai"]
[Date "2019.06.30"]
[Round "5"]
[White "Guru, Prakash"]
[Black "Kothari, Swapnil"]
[Result "0-1"]
[WhiteElo "1289"]
[BlackElo "1853"]
[PlyCount "66"]
[EventDate "2019.06.29"]
[EventType "swiss"]
[EventRounds "7"]
[EventCountry "IND"]
[SourceTitle "CBM 191 Extra"]
[Source "ChessBase"]
[SourceDate "2019.09.30"]
[SourceVersion "1"]
[SourceVersionDate "2019.09.30"]
[SourceQuality "1"]

1. e4 c5 2. Nf3 d6 3. c3 Nf6 4. Be2 Nc6 5. d4 cxd4 6. cxd4 Nxe4 7. d5 Qa5+ 8. Nc3 Nb8 9. Qd4 Nxc3 10. bxc3 Nd7 11. Bd2 Qc5 12. 0-0 Qxd4 13. Nxd4 a6 14. c4 g6 15. Bc3 Bg7 16. Rac1 Bf6 17. Nf3 Bxc3 18. Rxc3 Nc5 19. Re3 e5 20. dxe6 fxe6 21. Re1 0-0 22. Ng5 h6 23. Ne4 Nxe4 24. Rxe4 e5 25. c5 Bf5 26. Re3 dxc5 27. Bc4+ Kh8 28. Rxe5 b5 29. Rxc5 bxc4 30. Rxc4 Rfe8 31. Rec1 Re2 32. h3 Rxa2 33. Rh4 h5 0-1

[Event "Mumbai Chess Capital op"]
[Site "Mumbai"]
[Date "2019.06.30"]
[Round "7"]
[White "Guru, Prakash"]
[Black "Mitra, Shivank"]
[Result "1-0"]
[WhiteElo "1289"]
[BlackElo "1160"]
[PlyCount "79"]
[EventDate "2019.06.29"]
[EventType "swiss"]
[EventRounds "7"]
[EventCountry "IND"]
[SourceTitle "CBM 191 Extra"]
[Source "ChessBase"]
[SourceDate "2019.09.30"]
[SourceVersion "1"]
[SourceVersionDate "2019.09.30"]
[SourceQuality "1"]

1. e4 c5 2. Nf3 Nc6 3. d4 cxd4 4. Nxd4 Nf6 5. Nc3 e5 6. Nde2 Bb4 7. Bd2 0-0 8. a3 Be7 9. Ng3 d5 10. exd5 Nxd5 11. Bc4 Nb6 12. Ba2 Nd4 13. 0-0 Kh8 14. Nce2 Bg4 15. f3 Bc5 16. Kh1 Nxf3 17. gxf3 Bh3 18. Re1 Bf2 19. Bb4 Bxe1 20. Qxe1 Qf6 21. Ng1 Rfc8 22. Nxh3 Qxf3+ 23. Kg1 Rxc2 24. Qe4 Qxe4 25. Nxe4 Rxb2 26. Bxf7 Rc8 27. Rf1 Rcc2 28. Nhf2 g6 29. Bc3 Rb5 30. Nd6 Rc5 31. Ba1 a5 32. Nfe4 Rd5 33. Bxd5 Nxd5 34. Bxe5+ Kg8 35. Rf7 Rc1+ 36. Kf2 Rc2+ 37. Ke1 Rxh2 38. Bxh2 Ne3 39. Nf6+ Kh8 40. Rxh7# 1-0